[Event "Daqing Boyi Cup-B"]
[Site "Daqing"]
[Date "2023.08.17"]
[Round "9"]
[White "Zhu, Zimo"]
[Black "Han, Xu"]
[Result "1/2-1/2"]
[WhiteElo "1408"]
[BlackElo "2233"]
[PlyCount "151"]
[EventDate "2023.08.13"]
[EventType "swiss"]
[EventRounds "9"]
[EventCountry "CHN"]
[SourceTitle "EXT 2024"]
[Source "ChessBase"]
[SourceDate "2023.10.10"]
[SourceVersion "1"]
[SourceVersionDate "2023.10.10"]
[SourceQuality "1"]

1. e4 e5 2. Nf3 Nc6 3. d4 exd4 4. Bc4 Bc5 5. Ng5 Nh6 6. Nxf7 Nxf7 7. Bxf7+ Kxf7 8. Qh5+ g6 9. Qxc5 d6 10. Qa3 Re8 11. Qf3+ Qf6 12. Qxf6+ Kxf6 13. f3 d5 14. 0-0 dxe4 15. fxe4+ Kg7 16. Bf4 Rxe4 17. Bxc7 Bf5 18. Na3 Re2 19. Rf2 Re7 20. Bd6 Re6 21. Bf4 Rae8 22. Rd1 a6 23. Rdd2 b5 24. h3 h5 25. Bc7 Re4 26. Rf4 Re2 27. Rxe2 Rxe2 28. Rf2 Re1+ 29. Rf1 Rxf1+ 30. Kxf1 Kf6 31. c3 Ke6 32. Ke2 Kd5 33. Kd2 dxc3+ 34. bxc3 Be4 35. g3 Kc5 36. Nc2 Bxc2 37. Kxc2 Kc4 38. Bd6 Kd5 39. Bf4 Ke4 40. Kd2 Ne7 41. Ke2 Nd5 42. Bd2 Nb6 43. Be3 Nc4 44. Bc1 Ne5 45. Bf4 Nf7 46. h4 Nd8 47. Bg5 Nc6 48. Bd2 Ne5 49. Bf4 Nf3 50. Be3 Ne1 51. Bc1 Nd3 52. Be3 a5 53. Bd2 Nb2 54. Be3 Nc4 55. Bf4 a4 56. Bc1 Kf5 57. Bf4 Nb6 58. Kf3 Nd5 59. Bd2 Nf6 60. Be3 Ne4 61. Bd4 g5 62. hxg5 Nxg5+ 63. Ke3 Ne6 64. Ba7 Ke5 65. Kd3 Kd5 66. Be3 Nc5+ 67. Bxc5 Kxc5 68. a3 Kd5 69. Kd2 Kc5 70. Kd3 Kd5 71. Kd2 Ke5 72. Ke3 Kf5 73. Kf3 Kg5 74. Kf2 Kg4 75. Kg2 Kf5 76. Kf3 1/2-1/2

[Event "Daqing Boyi Cup-B"]
[Site "Daqing"]
[Date "2023.08.16"]
[Round "8"]
[White "Han, Xu"]
[Black "Zhai, Pinran"]
[Result "1/2-1/2"]
[WhiteElo "2233"]
[BlackElo "1591"]
[PlyCount "117"]
[EventDate "2023.08.13"]
[EventType "swiss"]
[EventRounds "9"]
[EventCountry "CHN"]
[SourceTitle "EXT 2024"]
[Source "ChessBase"]
[SourceDate "2023.10.10"]
[SourceVersion "1"]
[SourceVersionDate "2023.10.10"]
[SourceQuality "1"]

1. d4 d5 2. Bf4 Bf5 3. c4 dxc4 4. Nc3 c6 5. e4 Bg6 6. a4 Nf6 7. f3 Qb6 8. Qd2 Qb4 9. a5 e6 10. Ra4 Qe7 11. Bxc4 Nbd7 12. Bg3 a6 13. Ra1 Qd8 14. Na4 Be7 15. Ne2 0-0 16. Nf4 b5 17. axb6 Nxb6 18. Nxb6 Qxb6 19. 0-0 a5 20. b3 Bb4 21. Qb2 Rfd8 22. Bf2 Qc7 23. Nd3 Be7 24. Ra2 Nd7 25. Qc3 Bd6 26. g3 Bh5 27. Kg2 Bb4 28. Qb2 Bd6 29. Rfa1 Nb6 30. Qc3 Bb4 31. Nxb4 axb4 32. Qxb4 Rxa2 33. Rxa2 Nxc4 34. Qxc4 Qb7 35. Rc2 h6 36. h4 Bg6 37. b4 Rb8 38. Be1 Qb6 39. Qc5 Qxc5 40. Rxc5 Rb6 41. Kf2 f6 42. Ke3 Be8 43. d5 exd5 44. exd5 cxd5 45. Rxd5 Kf7 46. Kd4 Ke6 47. Rd8 Rd6+ 48. Rxd6+ Kxd6 49. Kc4 Kc6 50. b5+ Kb6 51. Bf2+ Kc7 52. Kc5 f5 53. b6+ Kb7 54. Kd6 Bc6 55. f4 Bf3 56. Ke6 g6 57. Kf6 h5 58. Kxg6 Bg4 59. Bg1 1/2-1/2